Регионална библиотека "Любен Каравелов" - Русе

Раули Джеферсън (Запис номер 400587)

MARC детайли
000 -Лидер
Контролно поле с фиксирана дължина 01112nam a2200289 a 4500
003 - Код на организацията, давaща контролен номер
Контролно поле BLK
005 - Дата и час на последна редакция
Контролно поле 20250625104225.0
008 - Елементи от данни с фиксирана дължина
fixed length control field 180409b bul|||||r ||||||| ||bul||
010 ## - Наследен системен номер
LC control number KNG00109431000
020 ## - Международен стандартен номер на книга ISBN
Международен стандартен номер на книга ISBN 9786197560183
040 ## - Източник на каталожния запис
Идентификатор на билиотеката - собственик на записа BLK
041 ## - Код за език
Код за езика на текст/звукозапис или на отделно заглавие Български
Код за езика КДБФ Български
072 #7 - Код за тематичната категория
Код организация bullib
Код за тематична категория Н85
Текст Детска художествена литература Н
080 ## - УДК
Текстов определител УДК Американска литература (на САЩ)
УДК код - определител по УДК 821.111(73)
УДК определител -93-32
УДК - код + определител 821.111(73)-93-32
100 1# - Редна дума - Автор
Автор Кини, Джеф
Авторска отговорност първи автор
R(LIN) 309890
139 ## - Редно поле
Редна дума Кини, Джеф
Авторски знак Кин - К 54
245 10 - Сведения за заглавието
Заглавие Раули Джеферсън
Подзаглавни данни Призрачните патила на един дърдорко
Редно поле (дума) Джеф Кини; прев. Михаил Балабанов.
257 ## - Страна на издаване
Страна на създаване/издаване България
260 ## - Област на издателските данни
Име на издателя, разпространителя и проч. ДУО ДИЗАЙН
Година на издаване 2022
Място на издаване, разпространение и проч. София
300 ## - Физическа характеристика
Страници 218 с.
Илюстрации и др. с ил.
Размери/Мащаб 21 см
380 ## - Жанр
Жанр Детска худож. лит.
700 ## - Други автори (авторска отговорност)
Лично име Балабанов, Михаил Петров
Автороска отговорност (Описва отношението между автора и произведението) прев. от англ.
9 (RLIN) 1021
856 4# - Електронен адрес и достъп
Електронен формат pdf - файл
856 4# - Електронен адрес и достъп
Електронен формат pdf - файл
942 ## - АРТИКУЛИ
Вид на библиотечния материал Книги
Скрит в OPAC Не
Периодичен библиозапис Да
Koha issues (borrowed), all copies 58
944 ## - СЪЗДАВАНЕ И РЕДАКЦИЯ на ЗАПИСА
Служител, извършил регистрацията/редакцията 30534
Статус, дата на статуса Радостина Карадакова
999 ## - СИСТЕМНИ КОНТРОЛНИ НОМЕРА
Koha biblionumber 400587
Koha biblioitemnumber 400587
Наличности
Код за отписване Код за изгубен артикул Източник на класификационната схема Код за повреда Коз за рестрикции Код за отдаване Артикулен № Име на библиотеката - собственик Име на библиотеката, в която се намира в момента Статус (Текущо местоположение) Дата на вписване в системата Местоположение - отдел Цена в лева Систематично азбучна сигнатура Баркод Цена в евро Служебен тип на артикула Инвентарен номер
  Не е изгубен Universal Decimal Classification Не е повреден без рестрикции заемане за дома 891760 Регионална библиотека "Любен Каравелов" Русе Регионална библиотека "Любен Каравелов" Русе Детски отдел 2022-06-24 Детски отдел 14.92 821-93/К 54 Д 120000872838 7.63 Книги  
  Не е изгубен Universal Decimal Classification Не е повреден без рестрикции заемане за дома 891761 Регионална библиотека "Любен Каравелов" Русе Регионална библиотека "Любен Каравелов" Русе Детски отдел 2022-06-24 Детски отдел 14.92 821-93/К 54 Д 120000872837 7.63 Книги  
  Не е изгубен Universal Decimal Classification Не е повреден   заемане за дома 939782 Регионална библиотека "Любен Каравелов" Русе Регионална библиотека "Любен Каравелов" Русе Детски отдел 2024-02-01 Детски отдел 19.90 821-93/К 54 Д 120000898811 10.17 Книги 120000898811
Vip Innovations Ltd, Rousse, Bulgaria 2025